Who invented it? - Statistics

General Stats
  • This quiz has been taken 35 times
  • The average score is 6 of 15
Answer Stats
Question Answer % Correct
Telephone Alexander Graham Bell
100%
Piano Bartolomeo Cristofori
87%
plane Wright brothers
74%
Car Karl Benz
48%
Parachute Louis-Sébastien Lenormand
48%
Chocolate Bar Joseph Fry
42%
Plug Socket Harvey Hubbell
35%
Scissors Robert Hinchliffe
35%
Tennis Ball Charles Goodyear
32%
Toilet John Harington
32%
Tin Can Peter Durand
29%
Radiator Franz San Galli
23%
Tomato Ketchup James Mease
19%
Oven Gloves Earl Mitt
10%
Shampoo Sake Mahomed
6%
No matching quizzes found
Score Distribution
Percent of People with Each Score
Percentile by Number Answered
Your Score History
You have not taken this quiz